[Event "C.to Mondiale U14"]
[Site "Maribor SLO"]
[Date "2012.11.12"]
[Round "5"]
[White "Zamengo, Fulvio"]
[Black "Skuhala, Jernej"]
[WhiteElo "2072"]
[BlackElo "1922"]
[Result "1-0"]
[PlyCount "117"]
[EventDate "2012.11.08"]

1. e4 c5 2. Nf3 d6 3. d4 cxd4 4. Nxd4 Nf6 5. Nc3 a6 6. Bg5 e6 7. f4 Be7 8. Qf3
h6 9. Bh4 Qc7 10. O-O-O b5 11. Bxf6 gxf6 12. Bd3 Nc6 13. Nxc6 Qxc6 14. Ne2 Bb7
15. Nd4 Qb6 16. Qh5 d5 17. exd5 Bxd5 18. Kb1 Qc5 19. Qe2 O-O-O 20. c3 e5 21.
Nf5 Rhe8 22. Be4 Bc4 23. Qf3 Bf8 24. Bc6 Be2 25. Rxd8+ Rxd8 26. Qxe2 Qxc6 27.
fxe5 fxe5 28. Re1 f6 29. g4 Kb7 30. Kc2 Re8 31. Qe4 Qxe4+ 32. Rxe4 Kc6 33. Re3
Kd5 34. Kd2 h5 35. h3 hxg4 36. hxg4 Bc5 37. Rd3+ Ke4 38. Ng7 Rg8 39. Nh5 Rg6
40. Ke2 a5 41. Rf3 Be7 42. Ng3+ Kd5 43. Rd3+ Ke6 44. Kf3 Bd6 45. Rd2 Bc7 46. b3
Rh6 47. Ne4 f5 48. gxf5+ Kxf5 49. Rd7 Bb6 50. Rd6 Rh3+ 51. Ng3+ Rxg3+ 52. Kxg3
Bc7 53. Rd7 Bb8 54. Rb7 Bd6 55. Rxb5 Ke4 56. Rxa5 Bc7 57. Ra7 Bb8 58. Rh7 Ke3
59. c4 1-0

[Event "C.to Mondiale U14"]
[Site "Maribor SLO"]
[Date "2012.11.12"]
[Round "6"]
[White "Van Foreest, Jorden"]
[Black "Zamengo, Fulvio"]
[WhiteElo "2231"]
[BlackElo "2072"]
[Result "1/2-1/2"]
[PlyCount "56"]
[EventDate "2012.11.08"]

1. d4 Nf6 2. Nf3 e6 3. c4 c5 4. d5 b5 5. e3 bxc4 6. Bxc4 Bb7 7. Nc3 Na6 8. e4
exd5 9. exd5 Bd6 10. O-O O-O 11. Bg5 Re8 12. a3 Nc7 13. Qd3 Bf8 14. Ne4 d6 15.
Nxf6+ gxf6 16. Bh4 Bg7 17. Qd2 Qe7 18. Bg3 Rad8 19. h3 Bc8 20. Nh2 f5 21. Rae1
Qf6 22. Bf4 h6 23. b3 Bb7 24. Nf3 Bc8 25. Bg3 Rxe1 26. Rxe1 Qc3 27. Qxc3 Bxc3
28. Re7 Ba5 1/2-1/2

[Event "C.to Mondiale U14"]
[Site "Maribor SLO"]
[Date "2012.11.14"]
[Round "7"]
[White "Zamengo, Fulvio"]
[Black "Saiyn, Zhanat"]
[WhiteElo "2072"]
[BlackElo "2197"]
[Result "1/2-1/2"]
[PlyCount "29"]
[EventDate "2012.11.08"]

1. e4 e5 2. Nf3 d6 3. d4 exd4 4. Nxd4 Nf6 5. Nc3 g6 6. Be3 Bg7 7. f3 Nc6 8. Qd2
O-O 9. O-O-O d5 10. exd5 Nxd5 11. Nxc6 bxc6 12. Bd4 Bxd4 13. Qxd4 Qd6 14. Nxd5
cxd5 15. a3 1/2-1/2

[Event "C.to Mondiale U14"]
[Site "Maribor SLO"]
[Date "2012.11.15"]
[Round "8"]
[White "Huber, Martin Christian"]
[Black "Zamengo, Fulvio"]
[WhiteElo "2150"]
[BlackElo "2072"]
[Result "1-0"]
[PlyCount "87"]
[EventDate "2012.11.08"]

1. d4 Nf6 2. c4 c5 3. d5 b5 4. Nf3 g6 5. cxb5 a6 6. b6 d6 7. Nc3 Qxb6 8. Nd2
Bg7 9. e4 O-O 10. a4 Qc7 11. a5 Nbd7 12. Nc4 Bb7 13. Be2 Rfe8 14. Bf4 Rad8 15.
O-O Qb8 16. Qa4 Nf8 17. Rab1 e6 18. Bf3 exd5 19. exd5 h6 20. b4 g5 21. Bxd6
Rxd6 22. bxc5 Rdd8 23. d6 Qc8 24. Bxb7 Qxc5 25. Bxa6 Nh5 26. Bb5 Re6 27. Nd1
Nf4 28. Nde3 N8g6 29. Qb4 Qd4 30. Rfd1 Qe4 31. Qc5 Nh4 32. Bc6 Qg6 33. Qb6 Bf6
34. a6 Ne2+ 35. Kh1 g4 36. a7 g3 37. Qxd8+ Bxd8 38. a8=Q Qh5 39. Qxd8+ Kh7 40.
Rb8 Kg6 41. Qg8+ Kf6 42. Qh8+ Kg5 43. Rg8+ Rg6 44. Qe5+ 1-0

[Event "C.to Mondiale U14"]
[Site "Maribor SLO"]
[Date "2012.11.17"]
[Round "10"]
[White "Oner, Oguz"]
[Black "Zamengo, Fulvio"]
[WhiteElo "1778"]
[BlackElo "2072"]
[Result "1/2-1/2"]
[PlyCount "102"]
[EventDate "2012.11.08"]

1. d4 Nf6 2. Nf3 c5 3. g3 cxd4 4. Nxd4 d5 5. Bg2 e5 6. Nb3 Nc6 7. Nc3 d4 8. Ne4
Nxe4 9. Bxe4 Bh3 10. Qd3 Be7 11. f4 Qd7 12. fxe5 O-O-O 13. Qb5 Bf5 14. Bxc6
Qxc6 15. Qxc6+ bxc6 16. O-O Be6 17. e3 d3 18. Nd4 dxc2 19. Rf2 c5 20. Rxc2 Kb7
21. Nxe6 Rd1+ 22. Kf2 fxe6 23. Rd2 Rd8 24. Rxd1 Rxd1 25. b3 Kc6 26. Kf3 Bd8 27.
h4 Kb5 28. Bb2 Rxa1 29. Bxa1 c4 30. bxc4+ Kxc4 31. Bd4 a5 32. Ke2 a4 33. Kd2
Ba5+ 34. Ke2 Bc3 35. Bb6 Bxe5 36. g4 Kb4 37. Kd2 Ka3 38. Kc2 Kxa2 39. Bc5 Bb2
40. h5 g6 41. e4 Ba3 42. Be3 Bd6 43. Bc1 Be5 44. Bd2 Ka3 45. Ba5 Bd6 46. Bc3
Bb4 47. Bb2+ Ka2 48. Bc1 Be1 49. Bb2 Bd2 50. Be5 Be3 51. Bb2 Bf4 1/2-1/2

[Event "C.to Mondiale U14"]
[Site "Maribor SLO"]
[Date "2012.11.18"]
[Round "11"]
[White "Doknjas, John"]
[Black "Zamengo, Fulvio"]
[WhiteElo "1900"]
[BlackElo "2072"]
[Result "0-1"]
[PlyCount "96"]
[EventDate "2012.11.08"]

1. d4 Nf6 2. c4 c5 3. d5 b5 4. cxb5 a6 5. bxa6 g6 6. Nc3 Bxa6 7. f4 d6 8. e4
Bxf1 9. Kxf1 Bg7 10. g3 O-O 11. Kg2 Nbd7 12. Nf3 Ra6 13. Re1 Nb6 14. Qc2 Qa8
15. b3 Ne8 16. Bb2 Nc7 17. Nd2 e6 18. Nc4 exd5 19. Nxb6 Rxb6 20. Nxd5 Nxd5 21.
Bxg7 Kxg7 22. exd5 Qxd5+ 23. Qe4 Qxe4+ 24. Rxe4 Ra8 25. Re3 Ra3 26. Rd3 Kf6 27.
Rd2 Ke6 28. Re1+ Kd7 29. Rc1 Kc6 30. Rcd1 Kc7 31. Rc1 Rba6 32. Rcc2 Kc6 33. b4
Kb5 34. bxc5 dxc5 35. Rd5 Rc6 36. Rd7 c4 37. Rxf7 c3 38. Re7 Kc4 39. Ree2 Kd3
40. Kf3 Raa6 41. Kf2 Re6 42. g4 Rxe2+ 43. Rxe2 c2 44. Re3+ Kd2 45. Re2+ Kc3 46.
Re1 Kb2 47. Kf3 Rxa2 48. Re2 Kb1 0-1

[Event "C.to Mondiale U16"]
[Site "Maribor SLO"]
[Date "2012.11.08"]
[Round "1"]
[White "Gregori, Giacomo"]
[Black "Akhmetov, Ayan"]
[WhiteElo "2034"]
[BlackElo "2362"]
[Result "0-1"]
[PlyCount "54"]
[EventDate "2012.11.08"]

1. d4 Nf6 2. c4 c5 3. d5 e6 4. Nc3 exd5 5. cxd5 d6 6. e4 g6 7. Bd3 Bg7 8. Nge2
O-O 9. O-O Re8 10. f3 Nbd7 11. Ng3 h5 12. Bg5 Qb6 13. Kh1 Nh7 14. Bd2 Ne5 15.
Bb5 Bd7 16. Bxd7 Nxd7 17. f4 Nhf6 18. e5 dxe5 19. f5 e4 20. fxg6 fxg6 21. Bg5
Qxb2 22. Rc1 e3 23. Rc2 Qb4 24. Rf4 Qb6 25. d6 Re6 26. Qf1 Qxd6 27. Bxf6 Nxf6
0-1

[Event "C.to Mondiale U16"]
[Site "Maribor SLO"]
[Date "2012.11.09"]
[Round "2"]
[White "Bombek, Miha"]
[Black "Gregori, Giacomo"]
[WhiteElo "1796"]
[BlackElo "2034"]
[Result "0-1"]
[PlyCount "46"]
[EventDate "2012.11.08"]

1. e4 c6 2. d4 d5 3. e5 c5 4. c3 Nc6 5. Bb5 Bf5 6. Bxc6+ bxc6 7. dxc5 e6 8. b4
Qb8 9. Bf4 a5 10. Qd2 Bxc5 11. bxc5 Bxb1 12. Ne2 Ne7 13. O-O Bg6 14. Nd4 O-O
15. Qd1 Qa7 16. Be3 Rab8 17. Qa4 Rfc8 18. Bg5 Qxc5 19. Bxe7 Qxe7 20. Nxc6 Qe8
21. Qxa5 Qxc6 22. Rfc1 Qc5 23. Qa6 Rb2 0-1

[Event "C.to Mondiale U16"]
[Site "Maribor SLO"]
[Date "2012.11.09"]
[Round "2"]
[White "Vesce, Emanuele"]
[Black "Lekic, Lazar"]
[WhiteElo "1880"]
[BlackElo "2062"]
[Result "1/2-1/2"]
[PlyCount "49"]
[EventDate "2012.11.08"]

1. e4 c5 2. Nf3 d6 3. d4 cxd4 4. Nxd4 Nf6 5. Nc3 a6 6. Bg5 e6 7. f4 h6 8. Bh4
Qb6 9. Qd2 Qxb2 10. Rb1 Qa3 11. f5 Be7 12. fxe6 fxe6 13. Be2 Qc5 14. Bf3 O-O
15. Bf2 Qc7 16. Na4 Nc6 17. Nb6 Rb8 18. O-O Ne5 19. Qe2 Nxf3+ 20. Nxf3 e5 21.
Rb2 Be6 22. Rfb1 Qc6 23. Nd2 Ng4 24. Nd5 Qd7 25. Ba7 1/2-1/2

[Event "C.to Mondiale U16"]
[Site "Maribor SLO"]
[Date "2012.11.10"]
[Round "3"]
[White "Gregori, Giacomo"]
[Black "Le, Tuan Minh"]
[WhiteElo "2034"]
[BlackElo "2204"]
[Result "0-1"]
[PlyCount "60"]
[EventDate "2012.11.08"]

1. Nf3 Nf6 2. g3 d5 3. Bg2 c6 4. c4 g6 5. b3 Bg7 6. Bb2 O-O 7. O-O a5 8. d4 Bf5
9. Nc3 Nbd7 10. cxd5 Nxd5 11. Nxd5 cxd5 12. Ne5 Nxe5 13. dxe5 e6 14. Qd4 g5 15.
Rac1 a4 16. b4 a3 17. Bc3 h6 18. Rfd1 Rc8 19. Qa7 Rc4 20. Qxa3 Qc7 21. Bd4 Bxe5
22. Bc5 Rc8 23. Rxc4 dxc4 24. Qc1 c3 25. e4 Bg6 26. Qe3 b6 27. Bxb6 c2 28. Rc1
Qd6 29. Bc5 Qd1+ 30. Bf1 Bb2 0-1

[Event "C.to Mondiale U16"]
[Site "Maribor SLO"]
[Date "2012.11.10"]
[Round "3"]
[White "Serikbay, Chingiz"]
[Black "Vesce, Emanuele"]
[WhiteElo "2028"]
[BlackElo "1880"]
[Result "1-0"]
[PlyCount "75"]
[EventDate "2012.11.08"]

1. e4 c5 2. Nf3 d6 3. d4 cxd4 4. Nxd4 Nf6 5. Nc3 a6 6. Bc4 e6 7. O-O Nbd7 8.
Kh1 Qc7 9. Bb3 Nc5 10. Qe2 b5 11. f4 b4 12. e5 bxc3 13. exf6 gxf6 14. Qf3 Bb7
15. Qxc3 Rg8 16. Nf3 Rc8 17. Bd2 f5 18. Rae1 Bg7 19. Qb4 h6 20. Re2 a5 21. Qb5+
Bc6 22. Qxa5 Qd7 23. Qb4 Na6 24. Qa3 Ra8 25. Bc4 Nc5 26. Qe3 Ne4 27. Rd1 d5 28.
Bc3 Qb7 29. Bb3 d4 30. Bxd4 Bxd4 31. Qxd4 Ke7 32. Qe3 Rad8 33. Rxd8 Rxd8 34.
Nd4 Be8 35. c3 h5 36. Qh3 Qa6 37. Qh4+ Kf8 38. Qxd8 1-0

[Event "C.to Mondiale U16"]
[Site "Maribor SLO"]
[Date "2012.11.11"]
[Round "4"]
[White "Djuricic, Domen"]
[Black "Gregori, Giacomo"]
[WhiteElo "1868"]
[BlackElo "2034"]
[Result "0-1"]
[PlyCount "104"]
[EventDate "2012.11.08"]

1. d4 Nf6 2. Nf3 g6 3. Bf4 Bg7 4. e3 c5 5. Be2 O-O 6. O-O b6 7. Nbd2 Bb7 8. h3
d6 9. c3 Nbd7 10. a4 Qc7 11. Bh2 Rfc8 12. Qb3 cxd4 13. exd4 Nf8 14. Rfe1 Qd7
15. Bb5 Qd8 16. Bc4 d5 17. Bd3 Bh6 18. Nf1 N6d7 19. Ne5 e6 20. Ne3 Nxe5 21.
Bxe5 Bg7 22. a5 Nd7 23. Bxg7 Kxg7 24. Nc2 Bc6 25. a6 Nf6 26. Bb5 Qd7 27. Bxc6
Qxc6 28. Ne3 Rab8 29. Ng4 Nxg4 30. hxg4 b5 31. g5 Qd6 32. g3 h6 33. gxh6+ Kxh6
34. Kg2 Kg7 35. Rh1 Rh8 36. Rxh8 Kxh8 37. Qc2 Kg7 38. Qd2 Rh8 39. b4 Qc6 40.
Qe3 f6 41. Re1 Kf7 42. Ra1 e5 43. f3 Qe6 44. g4 e4 45. Ra5 Qd6 46. f4 g5 47.
Rxb5 gxf4 48. Qg1 f3+ 49. Kf2 Qxa6 50. Ra5 Qe2+ 51. Kg3 f2 52. Rxa7+ Kg6 0-1

[Event "C.to Mondiale U16"]
[Site "Maribor SLO"]
[Date "2012.11.11"]
[Round "4"]
[White "Vesce, Emanuele"]
[Black "Bratkovic, Sham"]
[WhiteElo "1880"]
[BlackElo "1943"]
[Result "0-1"]
[PlyCount "72"]
[EventDate "2012.11.08"]

1. e4 e5 2. Nf3 Nc6 3. Bc4 Nf6 4. d4 exd4 5. e5 Ng4 6. Bxf7+ Kxf7 7. Ng5+ Kg8
8. Qxg4 h6 9. Nf3 d6 10. Qe4 dxe5 11. Nxe5 Qe8 12. f4 Bd6 13. O-O Nxe5 14. fxe5
Qxe5 15. Qh4 Qe7 16. Qf2 Bd7 17. Re1 Qf8 18. Qe2 Re8 19. Qc4+ Kh7 20. Rf1 Qe7
21. Nd2 Rhf8 22. Nf3 c5 23. b4 Qe2 24. Qd5 Rf6 25. Ng5+ hxg5 26. Rxf6 Bc6 27.
Qf5+ Kg8 28. Qxg5 Qe1+ 29. Rf1 Bxh2+ 30. Kxh2 Qxf1 31. Bb2 Qe2 32. bxc5 Re5 33.
Qg3 Rh5+ 34. Kg1 Qd2 35. Rf1 Bxg2 36. Rf2 Qe1+ 0-1

[Event "C.to Mondiale U16"]
[Site "Maribor SLO"]
[Date "2012.11.12"]
[Round "5"]
[White "Gregori, Giacomo"]
[Black "Koksal, Ege"]
[WhiteElo "2034"]
[BlackElo "2182"]
[Result "0-1"]
[PlyCount "110"]
[EventDate "2012.11.08"]

1. Nf3 Nf6 2. g3 d5 3. Bg2 c6 4. O-O Bg4 5. d3 Nbd7 6. Nbd2 e5 7. h3 Bh5 8. e4
dxe4 9. dxe4 Be7 10. Qe1 Qc7 11. a4 O-O 12. Nh4 Rfe8 13. Nc4 a5 14. Bd2 b6 15.
Nf5 Bf8 16. g4 Bg6 17. Bg5 Bxf5 18. gxf5 h6 19. Be3 Bc5 20. Bf3 Rad8 21. Rd1
Bd4 22. Bc1 Nb8 23. c3 Bc5 24. Qe2 Rd7 25. Rxd7 Nbxd7 26. Rd1 Bf8 27. Ne3 Nc5
28. Qc2 Rd8 29. Rxd8 Qxd8 30. Nc4 Qc7 31. Be3 b5 32. axb5 cxb5 33. Nd2 Nb7 34.
Be2 Bc5 35. Nf1 Nd6 36. Bxc5 Qxc5 37. Ng3 b4 38. Kg2 bxc3 39. bxc3 Qc6 40. f3
Qc5 41. Qb3 Kh7 42. c4 Nd7 43. Nf1 Nb6 44. Qc3 Nd7 45. Qb3 Qb4 46. Qd1 Nb6 47.
Ne3 Nbxc4 48. Nd5 Qc5 49. Bxc4 Nxc4 50. Qb3 Qd4 51. h4 a4 52. Qb7 Qb2+ 53. Qxb2
Nxb2 54. Nc3 a3 55. Kf1 Nd3 0-1

[Event "C.to Mondiale U16"]
[Site "Maribor SLO"]
[Date "2012.11.12"]
[Round "5"]
[White "Mikolic, Martin"]
[Black "Vesce, Emanuele"]
[WhiteElo "1771"]
[BlackElo "1880"]
[Result "0-1"]
[PlyCount "34"]
[EventDate "2012.11.08"]

1. e4 c5 2. c3 Qa5 3. Nf3 Nc6 4. Na3 e6 5. Bc4 a6 6. O-O b5 7. Bb3 c4 8. Bc2
Nf6 9. Re1 Bb7 10. Rb1 Be7 11. d4 cxd3 12. Qxd3 Qc7 13. Bb3 Ne5 14. Nxe5 Qxe5
15. f4 Qh5 16. Bd1 Qh4 17. Bf3 Qxe1+ 0-1

[Event "C.to Mondiale U16"]
[Site "Maribor SLO"]
[Date "2012.11.12"]
[Round "6"]
[White "Kjoita, Torgeir"]
[Black "Gregori, Giacomo"]
[WhiteElo "1898"]
[BlackElo "2034"]
[Result "0-1"]
[PlyCount "118"]
[EventDate "2012.11.08"]

1. e4 c6 2. d4 d5 3. Nc3 dxe4 4. Nxe4 Nd7 5. Nf3 Ngf6 6. Ng3 e6 7. Be2 Be7 8.
O-O O-O 9. c4 b6 10. Ne5 Bb7 11. Bf3 Qc7 12. Bf4 Bd6 13. Qe2 Rfd8 14. Rfd1 Rac8
15. Nxd7 Rxd7 16. Bxd6 Qxd6 17. Rd2 Rcd8 18. Rad1 Ba6 19. a3 Qf4 20. Ne4 Nxe4
21. Bxe4 Bxc4 22. Bxh7+ Kxh7 23. Qxc4 c5 24. g3 Qe4 25. Re2 Qg4 26. Qc2+ Kg8
27. Re4 Qg6 28. Qe2 Rxd4 29. Rdxd4 cxd4 30. Qd3 e5 31. b4 Rc8 32. Qe2 Rc1+ 33.
Kg2 Qc6 34. Kh3 Qd7+ 35. Rg4 Rc6 36. Kg2 Qd5+ 37. Qe4 Qxe4+ 38. Rxe4 f6 39. Kf1
Rc1+ 40. Ke2 Rc2+ 41. Ke1 Ra2 42. f4 Ra1+ 43. Kd2 exf4 44. gxf4 Rxa3 45. Rxd4
Ra2+ 46. Ke3 Rxh2 47. Rd7 Ra2 48. Ke4 Kh7 49. Kf5 Ra4 50. Rb7 Rxb4 51. Rxa7
Rb5+ 52. Kg4 Kg6 53. Rd7 Rb4 54. Rd6 Rb1 55. f5+ Kh6 56. Rd8 Rb4+ 57. Kf3 Kg5
58. Rd5 Rf4+ 59. Kg3 Rxf5 0-1

[Event "C.to Mondiale U16"]
[Site "Maribor SLO"]
[Date "2012.11.12"]
[Round "6"]
[White "Vesce, Emanuele"]
[Black "Zagorsek, David"]
[WhiteElo "1880"]
[BlackElo "1611"]
[Result "1/2-1/2"]
[PlyCount "59"]
[EventDate "2012.11.08"]

1. e4 e5 2. Nf3 Nf6 3. Nxe5 d6 4. Nf3 Nxe4 5. Nc3 Nxc3 6. dxc3 Be7 7. Bf4 O-O
8. Qd2 Nc6 9. O-O-O Be6 10. Kb1 Bf6 11. h4 Ne5 12. Ng5 a5 13. Bd3 g6 14. h5
Nxd3 15. cxd3 Bf5 16. hxg6 Bxg6 17. Qe3 Re8 18. Qg3 Bxg5 19. Bxg5 Qd7 20. Rxh7
Qf5 21. Rh4 Re5 22. Be3 c5 23. Ka1 Rae8 24. Rdh1 Qxd3 25. Rh8+ Kg7 26. R1h7+
Kf6 27. Qh4+ Kf5 28. Qg5+ Ke4 29. Qg4+ Kd5 30. Qf3+ 1/2-1/2

[Event "C.to Mondiale U16"]
[Site "Maribor SLO"]
[Date "2012.11.14"]
[Round "7"]
[White "Foo, William J."]
[Black "Vesce, Emanuele"]
[WhiteElo "2072"]
[BlackElo "1880"]
[Result "1/2-1/2"]
[PlyCount "42"]
[EventDate "2012.11.08"]

1. f4 g6 2. Nf3 Bg7 3. g3 d5 4. Bg2 c5 5. O-O Nf6 6. e3 Nc6 7. d3 O-O 8. Qe2
Re8 9. e4 Bg4 10. c3 c4 11. e5 cxd3 12. Qxd3 Ne4 13. Be3 Na5 14. Na3 b6 15. Nd4
Bf5 16. Qe2 Qc8 17. Bf3 f6 18. Rad1 Bh3 19. Bg2 Bxg2 20. Qxg2 fxe5 21. fxe5 e6
1/2-1/2

[Event "C.to Mondiale U16"]
[Site "Maribor SLO"]
[Date "2012.11.14"]
[Round "7"]
[White "Gregori, Giacomo"]
[Black "Lampert, Jonas"]
[WhiteElo "2034"]
[BlackElo "2292"]
[Result "1/2-1/2"]
[PlyCount "111"]
[EventDate "2012.11.08"]

1. c4 e5 2. Nc3 Nf6 3. Nf3 Nc6 4. e3 Bb4 5. Qc2 O-O 6. Nd5 Re8 7. Qf5 d6 8.
Nxf6+ gxf6 9. Qh5 d5 10. Bd3 e4 11. cxd5 Bf8 12. Bxe4 Rxe4 13. dxc6 bxc6 14.
O-O Bg4 15. Qa5 Bb4 16. Qa6 Bxf3 17. gxf3 Qd7 18. Kh1 Rh4 19. Rg1+ Kh8 20. Qf1
Rh6 21. d4 Bd6 22. Rg3 Bxg3 23. fxg3 Rh5 24. Bd2 Qd6 25. Qf2 c5 26. dxc5 Qxc5
27. Bc3 Kg7 28. Rc1 Qd6 29. e4 Rd8 30. Re1 Qe6 31. Qe2 Rc5 32. Qe3 Qc6 33. e5
Kg6 34. Qf4 Rc4 35. Re4 Rxe4 36. fxe4 Qe6 37. Qh4 Rd1+ 38. Kg2 fxe5 39. g4 f6
40. Qh5+ Kg7 41. g5 Rd6 42. gxf6+ Kxf6 43. Qh6+ Ke7 44. Qxh7+ Kd8 45. h3 Qc4
46. Qh4+ Kc8 47. Qg4+ Kb7 48. Bxe5 Rd3 49. Bc3 Re3 50. e5 Re2+ 51. Kg3 Re3+ 52.
Kf2 Re4 53. Qf3 Qc6 54. Kg3 Qg6+ 55. Kf2 c6 56. Qf6 1/2-1/2

[Event "C.to Mondiale U16"]
[Site "Maribor SLO"]
[Date "2012.11.15"]
[Round "8"]
[White "Vesce, Emanuele"]
[Black "Sokac, Marko"]
[WhiteElo "1880"]
[BlackElo "2040"]
[Result "0-1"]
[PlyCount "82"]
[EventDate "2012.11.08"]

1. e4 c5 2. Nf3 g6 3. d4 cxd4 4. Nxd4 Nc6 5. Nc3 Bg7 6. Be3 Nf6 7. Bc4 O-O 8.
Bb3 a5 9. O-O d6 10. Ndb5 Ng4 11. Bg5 a4 12. Nxa4 Ra5 13. c4 Be6 14. Bd2 Ra8
15. Bc3 Nge5 16. Rc1 Bh6 17. Bd2 Bxd2 18. Qxd2 Bxc4 19. Bxc4 Rxa4 20. Bd5 Qb6
21. Nc3 Rb4 22. Qh6 Nd4 23. a3 Rxb2 24. Na4 Qb5 25. Nxb2 Qxb2 26. Rb1 Qxa3 27.
Bxb7 Qc3 28. Kh1 Nd3 29. Qe3 Nc2 30. Qg3 Qd4 31. Rbd1 Ncb4 32. Bd5 Rc8 33. Rd2
Rc3 34. Rfd1 Rc2 35. Rxc2 Nxf2+ 36. Qxf2 Qxd1+ 37. Qg1 Qxc2 38. h3 Nxd5 39.
exd5 Qd2 40. Qa7 Qd1+ 41. Kh2 Qxd5 0-1

[Event "C.to Mondiale U16"]
[Site "Maribor SLO"]
[Date "2012.11.16"]
[Round "9"]
[White "Gregori, Giacomo"]
[Black "Sultan, Ibrahim"]
[WhiteElo "2034"]
[BlackElo "1843"]
[Result "0-1"]
[PlyCount "132"]
[EventDate "2012.11.08"]

1. d4 d5 2. Nf3 Nf6 3. c4 c6 4. e3 e6 5. b3 Bb4+ 6. Nbd2 c5 7. dxc5 Bxc5 8. Bb2
O-O 9. Bd3 Nc6 10. O-O d4 11. exd4 Nxd4 12. Nxd4 Bxd4 13. Bxd4 Qxd4 14. Nf3 Qf4
15. g3 Qc7 16. Re1 Rd8 17. Qe2 b6 18. Rad1 Bb7 19. Ne5 Rd6 20. f3 Rad8 21. Kg2
Nd7 22. Ng4 Nc5 23. Bc2 Rd4 24. Nf2 R8d7 25. b4 Na6 26. a3 Nb8 27. Bb3 Qd8 28.
Rxd4 Rxd4 29. Rd1 Nc6 30. Qe3 Rxd1 31. Bxd1 g6 32. Bc2 Nd4 33. Be4 Bxe4 34.
Qxe4 Nf5 35. g4 Nh4+ 36. Kg3 g5 37. Qe5 Ng6 38. Qc3 Qd6+ 39. Kg2 Qf4 40. Nh3
Nh4+ 41. Kh1 Qxf3+ 42. Qxf3 Nxf3 43. c5 bxc5 44. bxc5 Kf8 45. Kg2 Nh4+ 46. Kg3
h6 47. Nf2 Ke7 48. Ne4 Ng6 49. Nd6 a6 50. a4 Ne5 51. h4 Nd3 52. Nb7 f5 53. gxf5
exf5 54. hxg5 hxg5 55. c6 f4+ 56. Kg2 g4 57. Kf1 f3 58. Kg1 g3 59. c7 Kd7 60.
c8=Q+ Kxc8 61. Nd6+ Kc7 62. Ne4 g2 63. Nd2 Ne5 64. Nb3 Kc6 65. Kf2 Kd5 66. Na5
Nd3+ 0-1

[Event "C.to Mondiale U16"]
[Site "Maribor SLO"]
[Date "2012.11.17"]
[Round "10"]
[White "Shiau, Suen-Wen"]
[Black "Gregori, Giacomo"]
[WhiteElo "1772"]
[BlackElo "2034"]
[Result "0-1"]
[PlyCount "60"]
[EventDate "2012.11.08"]

1. e4 c6 2. d4 d5 3. e5 Bf5 4. g4 Bd7 5. h3 e6 6. Bd3 Qb6 7. c3 c5 8. Ne2 Bb5
9. dxc5 Bxc5 10. Bxb5+ Qxb5 11. b4 Bb6 12. Na3 Qd7 13. Nc2 Ne7 14. Qd3 Nbc6 15.
f4 h5 16. g5 Nf5 17. Be3 Nxe3 18. Nxe3 g6 19. h4 O-O 20. Nc2 Rfd8 21. Rd1 Qe7
22. a3 Rac8 23. Ng3 a5 24. Ke2 axb4 25. cxb4 Qc7 26. Rc1 Nxe5 27. fxe5 Qxe5+
28. Ne3 Qxg3 29. Rxc8 Rxc8 30. a4 Bxe3 0-1

[Event "C.to Mondiale U16"]
[Site "Maribor SLO"]
[Date "2012.11.17"]
[Round "10"]
[White "Vesce, Emanuele"]
[Black "Krcmar, Aleksander"]
[WhiteElo "1880"]
[BlackElo "1569"]
[Result "0-1"]
[PlyCount "58"]
[EventDate "2012.11.08"]

1. e4 c5 2. Nf3 d6 3. d4 cxd4 4. Nxd4 Nf6 5. Nc3 a6 6. Bg5 Nbd7 7. f4 Qc7 8.
Qf3 h6 9. Bh4 g5 10. Bf2 Nc5 11. Nd5 Nxd5 12. exd5 Bd7 13. Be2 Bg7 14. O-O g4
15. Qe3 h5 16. Bh4 O-O-O 17. a4 Rde8 18. b4 Nxa4 19. c3 Kb8 20. Ra3 Nb6 21. b5
Nxd5 22. Qe4 Nxc3 23. Rxc3 Qxc3 24. Bf2 a5 25. Be3 f5 26. Qd3 Qxd3 27. Bxd3
Bxd4 28. Bxd4 e5 29. fxe5 dxe5 0-1

[Event "LXXII C.to Italiano"]
[Site "Torino ITA"]
[Date "2012.11.04"]
[Round "6"]
[White "Dvirnyy, Danyyil"]
[Black "Altini, Nicola"]
[WhiteElo "2522"]
[BlackElo "2354"]
[Result "1-0"]
[PlyCount "129"]
[EventDate "2012.10.30"]

1. c4 e5 2. Nc3 Nf6 3. Nf3 Nc6 4. g3 Bc5 5. Bg2 d6 6. d3 h6 7. O-O O-O 8. a3 a6
9. b4 Ba7 10. Bb2 Be6 11. h3 Ne7 12. Kh2 Ng6 13. Qc2 c6 14. Rad1 d5 15. Na4 Nd7
16. e4 d4 17. c5 Bb8 18. Bc1 f5 19. exf5 Rxf5 20. Nd2 Qf6 21. Kg1 Qf7 22. Rde1
Rh5 23. Qd1 Rxh3 24. Ne4 Bc7 25. Nb2 Nf6 26. Nc4 Nd5 27. f3 Nc3 28. Nxc3 dxc3
29. Bxh3 Bxh3 30. Rf2 Rd8 31. Qc2 Bf5 32. Rd1 Ne7 33. Qxc3 Qg6 34. g4 Nd5 35.
Qe1 h5 36. Rg2 hxg4 37. fxg4 Bxd3 38. Nxe5 Bxe5 39. Qxe5 Re8 40. Qg5 Qe4 41.
Bb2 Re7 42. Rf2 Bc4 43. Rdd2 Qb1+ 44. Kh2 Qh7+ 45. Kg3 Qe4 46. Qf5 Qe1 47. Kh2
Qe6 48. Qxe6+ Rxe6 49. Kg3 Re8 50. Kh4 Re7 51. Rf5 Be2 52. Re5 Rxe5 53. Bxe5
Bf3 54. Kg5 Be4 55. Bb2 Bb1 56. Re2 Kf7 57. Rf2+ Kg8 58. Be5 Bd3 59. Kh4 Bg6
60. Bd6 Bf7 61. Kg3 Nc3 62. Kf4 Nb5 63. Rf3 Be6 64. Rg3 Nd4 65. Ke5 1-0

[Event "XXIII Coppa Autunno"]
[Site "Ivrea ITA"]
[Date "2012.09.22"]
[Round "1"]
[White "Bosticardo, Tommaso"]
[Black "Agostino, Pietro"]
[WhiteElo "1823"]
[BlackElo "1521"]
[Result "1-0"]
[PlyCount "133"]
[EventDate "2012.09.27"]

1. d4 d5 2. c4 e6 3. Nc3 Nf6 4. cxd5 exd5 5. Bg5 Be7 6. e3 Nbd7 7. Bd3 h6 8.
Bh4 c6 9. Qc2 Ng4 10. Bg3 Ngf6 11. Nge2 Nh5 12. O-O Nxg3 13. Nxg3 Nf6 14. Rab1
O-O 15. b4 b5 16. a4 a6 17. Rfc1 Bd7 18. Nf5 Rc8 19. Ne2 Ne8 20. Neg3 Nd6 21.
Nxd6 Bxd6 22. Bf5 Bxg3 23. hxg3 Be6 24. Qd3 Qf6 25. Bh3 Qd8 26. Rc5 Qd7 27. Kh2
Rc7 28. Rbc1 Rfc8 29. Qc2 g5 30. Bxe6 Qxe6 31. Qd1 Qg6 32. R1c3 Kg7 33. axb5
axb5 34. Qc2 Qxc2 35. Rxc2 f5 36. Kg1 Kf6 37. f3 Ke6 38. Kf2 Kf6 39. Ke2 h5 40.
Kd3 g4 41. e4 fxe4+ 42. fxe4 dxe4+ 43. Kxe4 Kg6 44. Kd3 Ra7 45. Rxc6+ Rxc6 46.
Rxc6+ Kg7 47. Rc5 Kg6 48. d5 Ra3+ 49. Kd4 Kf6 50. Rc6+ Ke7 51. Ke5 Re3+ 52. Kf4
Re2 53. Rh6 Rxg2 54. Rxh5 Rb2 55. d6+ Kxd6 56. Rxb5 Kc6 57. Rc5+ Kb6 58. Rc4
Kb5 59. Re4 Rxb4 60. Rxb4+ Kxb4 61. Kxg4 Kc5 62. Kf5 Kd6 63. Kf6 Kd7 64. g4 Ke8
65. g5 Kf8 66. g6 Kg8 67. g7 1-0

[Event "XXIII Coppa Autunno"]
[Site "Ivrea ITA"]
[Date "2012.09.22"]
[Round "1"]
[White "Giachino, Adriano"]
[Black "Bogatto, Mario"]
[WhiteElo "1624"]
[BlackElo "1438"]
[Result "1-0"]
[PlyCount "135"]
[EventDate "2012.09.27"]

1. e4 c5 2. Nf3 Nc6 3. b3 d6 4. Bb2 Bg4 5. Bb5 a6 6. Bc4 e6 7. O-O b5 8. Be2
Bxf3 9. Bxf3 Ne5 10. Be2 Nf6 11. d4 cxd4 12. Qxd4 Be7 13. Nd2 O-O 14. f4 Nc6
15. Qf2 Rb8 16. e5 dxe5 17. fxe5 Ne8 18. Rad1 Qb6 19. Ne4 Qxf2+ 20. Rxf2 Rd8
21. Bd3 Nc7 22. Rf3 Nd5 23. Rdf1 Ndb4 24. Be2 Nxc2 25. Rg3 N2d4 26. Nf6+ Bxf6
27. exf6 g6 28. Bd1 Nf5 29. Rh3 Rd2 30. Bc1 Rd4 31. Bc2 Rh4 32. Rd3 Nfd4 33.
Bd1 Nb4 34. Rg3 Nf5 35. Rc3 Rd4 36. a3 Rfd8 37. Be2 Nd5 38. Rcf3 Nxf6 39. Bb2
Ne4 40. Rc1 Rd2 41. Rd3 R2xd3 42. Bxd3 Ned6 43. a4 bxa4 44. bxa4 Rb8 45. Ba1
Rc8 46. Rb1 a5 47. Kf2 Ng7 48. Kf3 Kf8 49. Kf4 Nge8 50. Kg5 Rc5+ 51. Kg4 h5+
52. Kh4 Nf5+ 53. Kg5 Ne3+ 54. Kh6 Nf5+ 55. Kh7 g5 56. Rb8 Ke7 57. Bb5 Nfd6 58.
Bd4 Rd5 59. Bb6 Nxb5 60. axb5 Rxb5 61. Bd8+ Kd7 62. Rxb5 Kxd8 63. Rxa5 f6 64.
Kg6 h4 65. Kf7 e5 66. Ra8+ Kd7 67. Rxe8 Kd6 68. Kxf6 1-0